000 00202 a2200097 4500
001 23662
100 _aVahid, A.S
245 _aStudies in Iqbal
260 _a
_bMohomed Ashraf
_c
090 _c16042
_d16042
942 _aNUST-CAE
_cM
_c6717
999 _c258735
_d258735